000 02428cam a2200277 4500500
005 20250123100115.0
041 _afre
042 _adc
100 1 0 _aValant Gandja, Serge
_eauthor
700 1 0 _a Ipoumb, Ginette Polienne
_eauthor
245 0 0 _aContingences structurelles et pratiques comptables des PME dans une économie africaine en développement : le cas du Cameroun.
260 _c2016.
500 _a82
520 _aL’examen du lien entre les facteurs de contingence structurelle et les pratiques comptables des entreprises dans un contexte en développement constitue la principale motivation de cette étude. L'approche positiviste adoptée par auto-administration d'un questionnaire à 123 petites et moyennes entreprises (PME) camerounaises s'appuie sur un raisonnement hypothético-déductif. Les traitements statistiques menés via un modèle « logit » ordonné permettant de comprendre et d'expliquer les pratiques comptables dans ces institutions. Si le secteur industriel semble avoir une influence négative, la structure de propriété, l’endettement et l’effet taille jouent un rôle crucial dans la mise en place des pratiques comptables dans ce type d’organisation. Il en est de même du comportement d’affaires de certains acteurs.
520 _aExamining the link between structural contingency factors and accounting practices in a developing context is the aims of this study. A positivist approach adopted by self-administration of a questionnaire to 123 Cameroonian’s small and medium enterprise (SMEs) is based on a hypothetical-deductive reasoning. The statistical processing conducted via an ordered “logit” model used to understand and explain the accounting practices in these institutions. If the industry seems to have a negative influence, ownership structure, debt and size effect play a crucial role in the development of accounting practices in this type of organization, as well as business behavior actors.
690 _acontingences structurelles
690 _aPME
690 _apratiques comptables
690 _aCameroun
690 _aSMEs
690 _astructural contingencies
690 _aaccounting
690 _aCameroun
786 0 _nManagement & Sciences Sociales | 20 | 1 | 2016-01-01 | p. 18-38 | 1952-3262
856 4 1 _uhttps://shs.cairn.info/revue-management-et-sciences-sociales-2016-1-page-18?lang=fr&redirect-ssocas=7080
999 _c755677
_d755677